000
00328 a2200145 4500
001
181574
020
_a
040
_c
Magnum
100
_a
Brant, Luiz Carlos
240
1
0
_a
Ansiedade escolar e fobia escolar
_l
por
245
1
0
_a
Ansiedade escolar e fobia escolar
362
0
_a
1899
697
_a
MAGNITO: GERAL
942
_c
BK
999
_c
181574
_d
181574